Oru penkuttiyude orma(ഒരു പെൺകുട്ടിയുടെ ഓർമ്മ) (Record no. 115298)

MARC details
000 -LEADER
fixed length control field 00589 a2200181 4500
005 - DATE AND TIME OF LATEST TRANSACTION
control field 20260423153322.0
008 - FIXED-LENGTH DATA ELEMENTS--GENERAL INFORMATION
fixed length control field 260420b |||||||| |||| 00| 0 eng d
020 ## - INTERNATIONAL STANDARD BOOK NUMBER
International Standard Book Number 9789362547743
080 ## - UNIVERSAL DECIMAL CLASSIFICATION NUMBER
Universal Decimal Classification number 89M-94
Item number ERN/O
100 ## - MAIN ENTRY--PERSONAL NAME
Personal name Ernaux,Annie
245 ## - TITLE STATEMENT
Title Oru penkuttiyude orma(ഒരു പെൺകുട്ടിയുടെ ഓർമ്മ)
260 ## - PUBLICATION, DISTRIBUTION, ETC. (IMPRINT)
Name of publisher, distributor, etc D C books.
Place of publication, distribution, etc Kottayam.
Date of publication, distribution, etc 2024.
300 ## - PHYSICAL DESCRIPTION
Extent 192p.
500 ## - GENERAL NOTE
General note Malayalam Translation of French Title"Memoire de fille".
653 ## - INDEX TERM--UNCONTROLLED
Uncontrolled term French Memoir-Malayalam Translation
700 ## - ADDED ENTRY--PERSONAL NAME
Personal name Sangeetha Sreenivasan;tr.by
942 ## - ADDED ENTRY ELEMENTS (KOHA)
item type Books
Holdings
Lost status Source of classification or shelving scheme Not for loan Home library Current library Date acquired Cost, normal purchase price Total Checkouts Full call number Barcode Date last seen Cost, replacement price Price effective from Koha item type Public note
  Universal Decimal Classification Not For Loan University Library University Library 02/03/2026 166.68   89M-94 ERN/O 00097378 02/03/2026 250.00 02/03/2026 Books Processing
University Library, CUSAT